000 00471nam a2200193Ia 4500
003 OSt
005 20230531155744.0
008 210423s1980 xx 000 0 und d
040 _cAL
041 _aeng
082 _a362.1
_223
_bVIJN
100 _aVIJAYALKSHMI (K).
_9117961
245 _aNeeem a users manual.
260 _aKarnataka
_bGovernment Of Karnataka
_c1980
300 _a34
_bPB
365 _cINR
906 _amanual. ; Neeem ; users
942 _2ddc
_cBK
999 _c174637
_d174637